[Event "Ch NATO"]
[Site "masterchessopen.com Apt (France)"]
[Round "0"]
[White "Lhoussene Cedric (FRA)"]
[Black "Crapulli Guiseppe"]
[Result "1-0"]
[WhiteElo "2081"]
[BlackElo "1800"]

1.d4 Nf6 2.c4 e6 3.Nc3 Bb4 4.Bg5 h6 5.Bh4 c5 6.d5 d6 7.e3 e5 8.f3 Bxc3+ 9.bxc3
Nbd7 10.Bd3 e4 11.fxe4 Qe7 12.Bg3 Nxe4 13.Bxe4 Qxe4 14.Bxd6 Qxg2 15.Qf3 Qxf3
16.Nxf3 b6 17.Rg1 Rg8 18.a4 Ba6 19.Nd2 O-O-O 20.Kf2 f5 21.Rg6 Nf8 22.Bxf8
Rdxf8 23.a5 Kb7 24.axb6 axb6 25.Rag1 Rf7 26.Re6 Ka7 27.Rgg6 Rb8 28.Nf3 Bxc4
29.Ne5 Bxd5 30.Rd6 Ba2 31.Nxf7 Bxf7 32.Rxg7 {#r} 1-0

[Event "It (c)"]
[Site "masterchessopen.com Budapest (Hungary)"]
[Round "11"]
[White "Szeberenyi Adam (HUN)"]
[Black "Allen Andrew (AUS)"]
[Result "0-1"]
[WhiteElo "2215"]
[BlackElo "2215"]

1.d4 Nf6 2.c4 e6 3.Nc3 Bb4 4.Bg5 c5 5.d5 h6 6.Bh4 d6 7.e3 Bxc3+ 8.bxc3 Qe7
9.Nf3 g5 10.Bg3 Ne4 11.Bd3 Nxg3 12.hxg3 e5 13.Qc2 Nd7 14.Bf5 Kd8 15.a4 a5
16.Rb1 Ra6 17.Rb5 Qf6 18.e4 Qe7 19.Qb3 Nf8 20.Bxc8 Kxc8 21.Ke2 Ng6 22.Rb1 Ra7
23.Rb6 Qc7 24.Nd2 Ne7 25.Qb5 Kb8 26.Nb3 Nc8 27.Rc6 Qd8 28.Ra6 Rxa6 29.Nxc5 Rb6
30.Nd7+ Ka7 31.Qxa5+ Ra6 32.Qb5 Qc7 {#R} 0-1

[Event "Ch Pan-American (under 26)"]
[Site "masterchessopen.com Buenos Aires (Argentina)"]
[Round "6"]
[White "Peralta Fernando (ARG)"]
[Black "Salas Cristian (CHI)"]
[Result "1-0"]
[WhiteElo "2300"]
[BlackElo "2285"]

1.d4 Nf6 2.c4 e6 3.Nc3 Bb4 4.Bg5 h6 5.Bh4 c5 6.d5 d6 7.e3 Bxc3+ 8.bxc3 e5
9.Qc2 Nbd7 10.Nf3 Qe7 11.Nd2 g5 12.Bg3 e4 13.Rb1 Kd8 14.Be2 Re8 15.h4 Kc7
16.Rb2 Nf8 17.Qb1 b6 18.Bd1 Bd7 19.Bc2 Ng6 20.hxg5 hxg5 21.a4 Rab8 22.a5 Ne5
23.Kf1 Rh8 24.Rxh8 Rxh8 25.Kg1 Rb8 26.axb6+ axb6 27.Bxe4 Nxe4 28.Qxe4 f5
29.Qb1 Qf6 30.Bxe5 Qxe5 31.Rb3 g4 32.Ra3 Rb7 33.Qd3 Kd8 34.Ra8+ Ke7 35.f4 Qf6
36.e4 b5 37.Qe3 bxc4 38.e5 Qh6 39.exd6+ Kf7 40.Qe7+ Kg6 41.Rg8+ {#r} 1-0

[Event "Ch Pan-American (under 26)"]
[Site "masterchessopen.com Buenos Aires (Argentina)"]
[Round "8"]
[White "Peralta Fernando (ARG)"]
[Black "Uribe Mauricio (COL)"]
[Result "1-0"]
[WhiteElo "2300"]
[BlackElo "2245"]

1.d4 Nf6 2.c4 e6 3.Nc3 Bb4 4.Bg5 h6 5.Bh4 c5 6.d5 d6 7.e3 Bxc3+ 8.bxc3 e5
9.Nf3 Qe7 10.Nd2 g5 11.Bg3 Bf5 12.Qb3 Kd8 13.a4 Kc7 14.a5 Nbd7 15.Be2 h5 16.h4
g4 17.O-O Ne4 18.Nb1 Ndf6 19.Ra2 Nxg3 20.fxg3 Bxb1 21.Rb2 Rab8 22.Rfxb1 Kc8
23.Qb5 Qc7 24.Bd3 e4 25.Bc2 Nd7 26.Bxe4 Ne5 27.Qa4 Kd8 28.Rb5 Re8 29.Qa2 Qd7
30.Qb3 Re7 31.Rf1 Qe8 32.Bc2 Qh8 33.Rf4 Kc7 34.Bf5 Qh6 35.Qb1 Qg7 36.Kh2 Qh8
37.Qf1 Rbe8 38.Bc2 Kb8 39.Kh1 Ka8 40.Bf5 Ng6 41.Bxg6 Rxe3 42.Bxf7 Re1 43.Bxe8
Qxe8 {#r} 1-0

[Event "Ch World (juniors) (under 12)"]
[Site "masterchessopen.com Cannes (France)"]
[Round "6"]
[White "Daligault Jean (FRA)"]
[Black "Steigman A J (USA)"]
[Result "0-1"]
[WhiteElo "2142"]
[BlackElo "2274"]

1.d4 Nf6 2.c4 e6 3.Nc3 Bb4 4.Bg5 h6 5.Bh4 c5 6.d5 d6 7.e3 Bxc3+ 8.bxc3 e5
9.Bd3 Nbd7 10.Qc2 O-O 11.Ne2 Re8 12.Bxf6 Nxf6 13.Ng3 Qe7 14.f3 e4 15.fxe4 Ng4
16.Qd2 Qg5 17.O-O Qh4 18.Rf3 Qxh2+ 19.Kf1 Ne5 20.Kf2 Nxf3 21.Kxf3 Qh4 22.Kf2
Bg4 23.Rb1 Re5 24.Rh1 Qf6+ 25.Ke1 Rg5 26.Rf1 Qe5 27.Nf5 Re8 28.Nh4 Qh2 29.Qf2
Re7 30.g3 Qxf2+ 31.Kxf2 Rge5 32.Re1 g6 33.Kg2 Kg7 34.Rf1 Re8 35.Rf4 h5 36.Nf3
R5e7 37.Nh2 Re5 38.Nf3 g5 39.Rf5 Bxf5 40.exf5 Kf6 41.e4 a6 42.a4 R5e7 43.Nd2
Rh8 44.Nf1 Rd7 45.Kg1 Rc7 46.Nd2 b6 47.Kh2 g4 48.Kg2 Re7 49.Nb3 Kg7 50.Nc1 Rh6
{#R} 0-1

[Event "It (open)"]
[Site "masterchessopen.com Hallsberg (Sweden)"]
[Round "7"]
[White "Dearing Eddie (SCO)"]
[Black "Lauber Arnd (GER)"]
[Result "0-1"]
[WhiteElo "2210"]
[BlackElo "2325"]

1.d4 Nf6 2.c4 e6 3.Nc3 Bb4 4.Bg5 h6 5.Bh4 c5 6.d5 d6 7.e3 Bxc3+ 8.bxc3 e5 9.f3
Nbd7 10.Bd3 Qe7 11.Qc2 g5 12.Bg3 Rg8 13.Ne2 h5 14.h3 h4 15.Bh2 b5 16.Rb1 bxc4
17.Bxc4 Nb6 18.Bb5+ Bd7 19.Bxd7+ Qxd7 20.c4 Ke7 21.O-O Nh5 22.e4 Rab8 23.Rb5
Nf4 24.Kh1 Nxe2 25.Qxe2 Qb7 26.Rfb1 Qa6 27.Bg1 Qa4 28.Be3 f6 29.R5b3 Nd7
30.Qc2 Rb4 31.Qd3 Rgb8 32.Bd2 R4b6 33.R1b2 Kd8 34.Kg1 Kc8 35.Kf2 R6b7 36.Ke2
Nb6 37.Rc2 Nd7 38.Rcb2 Qa6 39.Kd1 Nb6 40.Rc2 Nd7 41.Rcb2 Qa4 42.Ke2 Rb6 43.Ra3
Qxa3 44.Qxa3 Rxb2 45.Qxa7 Nb6 46.Qa6+ Kd8 47.Kd1 Ra8 48.Qb7 Raxa2 49.Bc1 Rb4
50.Qg7 Nd7 {#R} 0-1

[Event "Ch Mittelfranken (M1)"]
[Site "masterchessopen.com Heroldsbach (Germany)"]
[Round "6"]
[White "Ponnath Lorenz (GER)"]
[Black "Willim Michael (GER)"]
[Result "1-0"]
[WhiteElo "2093"]
[BlackElo "2117"]

1.d4 e6 2.c4 Nf6 3.Nc3 Bb4 4.Bg5 c5 5.d5 h6 6.Bh4 d6 7.Qc2 e5 8.e3 Bxc3+
9.Qxc3 g5 10.Bg3 Ne4 11.Qa3 Nd7 12.Bd3 Ndf6 13.Ne2 a6 14.O-O Rb8 15.Qa4+ Bd7
16.Qc2 Nxg3 17.Nxg3 Ng8 18.f4 Qe7 19.Bf5 Bxf5 20.Nxf5 Qf6 21.b4 Ne7 22.Nxe7
Qxe7 23.bxc5 dxc5 24.Qb2 O-O 25.fxe5 Rfe8 26.Rf5 b5 27.Raf1 bxc4 28.Qc3 Rf8
29.e4 {#r} 1-0

[Event "It (open)"]
[Site "masterchessopen.com Kilkenny (Ireland)"]
[Round "3"]
[White "Cafolla Peter (IRL)"]
[Black "Anderton David W (ENG)"]
[Result "0-1"]
[WhiteElo "2060"]
[BlackElo "2200"]

1.d4 Nf6 2.c4 e6 3.Nc3 Bb4 4.Bg5 c5 5.d5 h6 6.Bh4 d6 7.e3 Bxc3+ 8.bxc3 e5
9.Bd3 Nbd7 10.Ne2 Qe7 11.f3 Kd8 12.Bf5 Kc7 13.Qb3 g5 14.Bg3 Nh5 15.Rb1 Ng7
16.Bxd7 Qxd7 17.O-O h5 18.e4 h4 19.Bf2 Nh5 20.Qb5 Nf4 21.Nxf4 gxf4 22.Qa5+ Kb8
23.h3 Qc7 24.Qa3 f5 25.Kh2 fxe4 26.fxe4 f3 27.Bxc5 Qxc5 28.Qxc5 dxc5 29.Rxf3
Kc7 30.Rf7+ Bd7 31.Rbf1 Rae8 32.R1f6 Kc8 33.Rg7 Reg8 34.Re7 Rg5 35.Rff7 Rhg8
36.g4 hxg3+ 37.Kg1 Rd8 38.h4 Rh5 39.Kg2 Rxh4 40.Rxe5 Rg8 41.Ree7 Rh2+ 42.Kg1
g2 43.Rg7 Rxg7 44.Rxg7 Rh4 45.e5 Bh3 46.e6 Rf4 47.Rf7 Re4 48.Rg7 Re1+ 49.Kh2
Rh1+ {#R} 0-1

[Event "Ch Yugoslavia (open)"]
[Site "masterchessopen.com Nis (Yugoslavia)"]
[Round "7"]
[White "Djukanovic Sreten (MNE)"]
[Black "Kostic Nebojsa (SRB)"]
[Result "1-0"]
[WhiteElo "2265"]
[BlackElo "2335"]

1.d4 Nf6 2.c4 e6 3.Nc3 Bb4 4.Bg5 h6 5.Bh4 c5 6.d5 d6 7.e3 Bxc3+ 8.bxc3 e5
9.Qc2 g5 10.Bg3 Nh5 11.Bd3 O-O 12.f3 f5 13.O-O-O Nxg3 14.hxg3 Kg7 15.Ne2 b6
16.g4 e4 17.fxe4 fxe4 18.Bxe4 Bxg4 19.Ng3 Qe8 20.Bf3 Qe5 21.Rxh6 Bf5 22.Nxf5+
Qxf5 23.Qxf5 Rxf5 24.Rxd6 Rf7 25.Bg4 Na6 26.e4 Re7 {#r} 1-0

[Event "It (open)"]
[Site "masterchessopen.com Pula (Croatia)"]
[Round "7"]
[White "Glavas Dragan (CRO)"]
[Black "Drei Andrea (ITA)"]
[Result "0-1"]
[WhiteElo "2340"]
[BlackElo "2345"]

1.d4 Nf6 2.c4 e6 3.Nc3 Bb4 4.Bg5 h6 5.Bh4 c5 6.d5 d6 7.e3 Bxc3+ 8.bxc3 e5
9.Qc2 Qe7 10.Nf3 Nbd7 11.Be2 O-O 12.Nd2 e4 13.O-O g5 14.Bg3 Ne5 15.Rae1 Bd7
16.Qb1 b6 17.Bd1 Nd3 18.Re2 Bf5 19.Bc2 Bh7 20.f3 Nh5 21.Nxe4 Bxe4 22.Bxd3 Bxd3
23.Qxd3 f5 24.Bf2 Rae8 25.Rfe1 Qg7 26.g3 Nf6 27.a4 Nd7 28.Rc2 Ne5 29.Qe2 g4
30.Ra1 Nxf3+ 31.Kg2 Qg6 32.a5 f4 33.gxf4 Qe4 34.Kg3 h5 35.h4 Rf5 36.Rb2 Nxh4
37.Bg1 Ng6 38.axb6 Rxf4 39.Rf1 h4+ 40.Kh2 g3+ 41.Kh3 Qf5+ 42.Kg2 h3+ 43.Kxg3
Rxf1 44.Bf2 Qg5+ 45.Qg4 Qxg4+ 46.Kxg4 h2 47.bxa7 h1=Q 48.Rb8 Qg2+ 49.Bg3 Qf3+
{#R} 0-1

[Event "It (open)"]
[Site "masterchessopen.com Andorra"]
[Round "9"]
[White "Sasikiran Krishnan (IND)"]
[Black "Hauchard Arnaud (FRA)"]
[Result "1-0"]
[WhiteElo "2470"]
[BlackElo "2500"]

1.d4 Nf6 2.c4 e6 3.Nc3 Bb4 4.Bg5 h6 5.Bh4 c5 6.d5 d6 7.e3 Bxc3+ 8.bxc3 Qe7
9.Nf3 e5 10.Nd2 Nbd7 11.Bd3 Nf8 12.Qc2 g5 13.Bg3 Rg8 14.O-O Ng6 15.f4 Nh5
16.fxg5 Nxg3 17.hxg3 hxg5 18.Bf5 Bxf5 19.Qxf5 Nf8 20.Rab1 Rb8 21.Ne4 Rg6 22.g4
Nd7 23.Rf3 Rg7 24.Rbf1 Kd8 25.Ng3 f6 26.Qb1 Rg8 27.Nf5 Qf8 28.Rh3 Kc7 29.Kf2
Rh8 30.Rfh1 Rxh3 31.Rxh3 Qf7 32.Qh1 Nf8 33.Rh6 Rd8 34.Qh5 Rd7 35.e4 Nh7 36.Ke3
Nf8 37.g3 Nh7 38.Qh2 Nf8 39.Qb2 Rd8 40.Rh8 Kc8 41.Qa3 a6 42.Rh6 Kb8 43.Qa5 Qc7
44.Qxc7+ Kxc7 45.Rxf6 Nh7 46.Rg6 Rd7 47.Ng7 Nf8 48.Rxg5 Kb6 49.Nf5 Ka5 50.Rg8
{#r} 1-0

[Event "It (open)"]
[Site "masterchessopen.com Besancon (France)"]
[Round "6"]
[White "Kogan Artur (ISR)"]
[Black "Inkiov Ventzislav (BUL)"]
[Result "0-1"]
[WhiteElo "2485"]
[BlackElo "2495"]

1.c4 e6 2.Nc3 Nf6 3.d4 Bb4 4.Bg5 c5 5.d5 h6 6.Bh4 d6 7.f3 Bxc3+ 8.bxc3 e5 9.e4
Nbd7 10.Bd3 Nf8 11.Bc2 g5 12.Ba4+ Ke7 13.Bf2 Ng6 14.Ne2 Nh5 15.g3 Qa5 16.O-O
Bh3 17.Re1 Rag8 18.Kh1 Bc8 19.Rb1 g4 20.f4 Nf6 21.Qc2 h5 22.fxe5 Nxe5 23.Nd4
cxd4 24.cxd4 Nf3 25.e5 h4 26.exf6+ Kxf6 27.Re4 Rg6 28.gxh4 Kg7 29.Re7 Rf6
30.Bd7 Qd8 31.Bxc8 Qxe7 32.Bxg4 Rf4 33.Bxf3 Rxf3 34.Rg1+ Kf8 35.c5 dxc5 36.Bg3
Re3 37.Be5 Rg8 38.Rxg8+ Kxg8 39.Qg2+ Kf8 40.Qg7+ Ke8 41.Qg8+ Qf8 42.Qg4 f5
43.Qh5+ Qf7 44.Qh8+ Kd7 45.Kg1 cxd4 46.Qb8 Qxd5 47.Qc7+ Ke8 48.Bf4 Qc6 49.Qa5
Qc1+ 50.Kf2 Qc2+ {#R} 0-1

[Event "Ch Argentina (1/2 final)"]
[Site "masterchessopen.com Buenos Aires (Argentina)"]
[Round "5"]
[White "Peralta Fernando (ARG)"]
[Black "Idigoras Alejandro (ARG)"]
[Result "1-0"]
[WhiteElo "2435"]
[BlackElo "2290"]

1.d4 Nf6 2.c4 e6 3.Nc3 Bb4 4.Bg5 h6 5.Bh4 c5 6.d5 d6 7.e3 Bxc3+ 8.bxc3 e5
9.Qc2 Qe7 10.Nf3 Nbd7 11.Nd2 g5 12.Bg3 Kd8 13.Bd3 Re8 14.Bf5 Nh5 15.O-O Ndf6
16.Bxc8 Kxc8 17.a4 Qd7 18.a5 Ng4 19.e4 Ng7 20.Rfe1 Kc7 21.Rab1 Rab8 22.Rb5 h5
23.f3 Nf6 24.Nf1 h4 25.Bf2 Nfh5 26.Ne3 f5 27.exf5 Nf6 28.Ng4 Ngh5 29.Bxc5 dxc5
30.Rxc5+ Kd8 31.d6 Rc8 32.Rcxe5 Rxc4 33.Rxe8+ Nxe8 34.Ne5 Qb5 35.Qe2 Qc5+
36.Kh1 {#r} 1-0

[Event "Ch Region"]
[Site "masterchessopen.com Dortmund (Germany)"]
[Round "0"]
[White "Wuenderlich Robin (GER)"]
[Black "Bolczek Malte"]
[Result "1-0"]
[WhiteElo "2173"]
[BlackElo "1680"]

1.d4 Nf6 2.c4 e6 3.Nc3 Bb4 4.Bg5 c5 5.d5 h6 6.Bh4 d6 7.e3 Qe7 8.Ne2 g5 9.Bg3
Ne4 10.Rc1 e5 11.f3 Nxg3 12.Nxg3 f5 13.Bd3 Qf7 14.O-O Bxc3 15.Rxc3 h5 16.Qb1
O-O 17.f4 h4 18.Nh1 e4 19.Be2 g4 20.Nf2 Nd7 21.Nd1 Nf6 22.b4 b6 23.bxc5 bxc5
24.Rb3 Ba6 25.Nc3 Qc7 26.Qb2 Rab8 27.Rb1 Nd7 28.Qa3 Rxb3 29.axb3 Qb6 30.Ra1
Nb8 31.Kf2 Rf7 32.Bd1 Rb7 33.Qc1 Kf7 34.Ra2 Ke7 35.Qa1 Kf7 36.Ne2 Qd8 37.Rxa6
Nxa6 38.Qxa6 Qc7 39.Nc3 Rb6 40.Qa5 Qb8 41.Ke1 Ke7 42.Qa1 Kf7 43.h3 Qh8
44.Qxa7+ Kg6 45.Kd2 Rb4 46.hxg4 fxg4 47.Qd7 {#r} 1-0

[Event "Oberliga SW 1998/99"]
[Site "masterchessopen.com Germany"]
[Round "4"]
[White "Albrecht Holger (GER)"]
[Black "Ortmann David (GER)"]
[Result "0-1"]
[WhiteElo "2274"]
[BlackElo "2355"]

1.d4 Nf6 2.c4 e6 3.Nc3 Bb4 4.Bg5 h6 5.Bh4 c5 6.d5 d6 7.e3 Bxc3+ 8.bxc3 O-O
9.Qc2 Re8 10.dxe6 Bxe6 11.Rd1 Nc6 12.Bg3 d5 13.cxd5 Bxd5 14.Bc4 Ne7 15.Ne2 Qa5
16.Bxd5 Nexd5 17.O-O Rad8 18.Bh4 Qb6 19.a3 Qe6 20.Rb1 Nxe3 21.fxe3 Qxe3+
22.Bf2 Qxe2 23.Qxe2 Rxe2 24.Bxc5 Rdd2 25.Rf2 b6 26.Rxe2 Rxe2 27.Bd4 Ne4 28.h3
Nd2 29.Rd1 Nc4 30.Ra1 g6 31.a4 Kf8 32.Kf1 Rd2 33.Rb1 Rxd4 34.cxd4 Nd2+ {#R}
0-1

[Event "It (open)"]
[Site "masterchessopen.com Jundiai (Brazil)"]
[Round "0"]
[White "Peralta Fernando (ARG)"]
[Black "De Paula Neto Brenno Vicente (BRA)"]
[Result "1-0"]
[WhiteElo "2435"]
[BlackElo "1631"]

1.d4 Nf6 2.c4 e6 3.Nc3 Bb4 4.Bg5 h6 5.Bh4 c5 6.d5 d6 7.e3 exd5 8.cxd5 Bf5
9.Bb5+ Nbd7 10.Ne2 O-O 11.O-O a6 12.Bxd7 Qxd7 13.Bxf6 gxf6 14.Ng3 Bxc3 15.bxc3
Bg6 16.f4 f5 17.e4 Kh7 18.Qc2 f6 19.exf5 Bf7 20.c4 b5 21.Rae1 Rae8 22.Re6 Kg7
23.Qe2 Bxe6 24.fxe6 Qc7 25.Nf5+ Kh8 26.Rf3 Rg8 27.Rh3 Rg6 28.e7 Qd7 29.Qh5
Reg8 30.Qxh6+ {#r} 1-0

[Event "Ch Belgium"]
[Site "masterchessopen.com Liege (Belgium)"]
[Round "4"]
[White "Meessen Rudolf (BEL)"]
[Black "Cekro Ekrem (BEL)"]
[Result "0-1"]
[WhiteElo "2320"]
[BlackElo "2385"]

1.d4 Nf6 2.c4 e6 3.Nc3 Bb4 4.Bg5 c5 5.d5 h6 6.Bh4 d6 7.e3 Bxc3+ 8.bxc3 Qe7
9.Bd3 Nbd7 10.dxe6 fxe6 11.Bg6+ Kd8 12.Nf3 Kc7 13.Qc2 Rd8 14.Rb1 Nb6 15.Nd2
Bd7 16.O-O Bc6 17.Rfd1 Ba4 18.Nb3 Nxc4 19.Bd3 Nb6 20.Qe2 e5 21.Bb5 Bxb5
22.Qxb5 Qe8 23.Qe2 g5 24.Bg3 Ne4 25.Qg4 Nxc3 26.Rbc1 h5 27.Qxg5 Ne2+ 28.Kf1
Nxc1 29.Nxc5 Qb5+ 30.Rd3 Nxd3 31.Qe7+ Rd7 32.Ne6+ Kc6 {#R} 0-1

[Event "It (open)"]
[Site "masterchessopen.com Naantali (Finland)"]
[Round "0"]
[White "Haggren Stig-Olof (FIN)"]
[Black "Keskisarja Teemu (FIN)"]
[Result "0-1"]
[WhiteElo "2009"]
[BlackElo "2295"]

1.d4 Nf6 2.c4 e6 3.Nc3 Bb4 4.Bg5 h6 5.Bh4 c5 6.d5 d6 7.e3 Bxc3+ 8.bxc3 e5
9.Bd3 e4 10.Bc2 Nbd7 11.Ne2 Qe7 12.Bxf6 Nxf6 13.Ng3 O-O 14.h4 Qe5 15.Kd2 b5
16.Qb1 bxc4 17.Bxe4 Nxd5 18.Qc2 f5 19.f4 Qe6 20.Bxd5 Qxd5+ 21.Ke1 Bb7 22.Rd1
Qe6 23.Kf2 Be4 24.Nxe4 fxe4 25.Qd2 Rab8 26.Qxd6 Rb2+ 27.Kg3 Rxg2+ 28.Kxg2 Qg4+
29.Kf2 Qf3+ 30.Kg1 Qxe3+ 31.Kg2 Qf3+ 32.Kh2 Rxf4 33.Qd8+ Kh7 34.Rhg1 Qf2+
35.Rg2 Rxh4+ 36.Qxh4 Qxh4+ 37.Kg1 Qf6 38.Rg3 h5 39.Re1 h4 40.Rge3 g5 41.R1e2
Kg6 42.Kg2 Kh5 43.Kg1 Qe5 44.Kg2 g4 45.Rxe4 h3+ {#R} 0-1

[Event "It \"]
[Site "masterchessopen.com Philadelphia (USA)"]
[Round "7"]
[White "Shapiro Daniel E (USA)"]
[Black "Whitehead Paul A (USA)"]
[Result "0-1"]
[WhiteElo "2305"]
[BlackElo "2350"]

1.d4 Nf6 2.c4 e6 3.Nc3 Bb4 4.Bg5 h6 5.Bh4 c5 6.d5 d6 7.e3 Bxc3+ 8.bxc3 e5
9.Qc2 g5 10.Bg3 Qe7 11.Nf3 e4 12.Nd2 Bf5 13.Rb1 b6 14.Qa4+ Qd7 15.Qc2 O-O
16.Be2 Bg6 17.O-O Qc7 18.f4 exf3 19.Bd3 Bxd3 20.Qxd3 Nh5 21.gxf3 f5 22.f4 Qg7
23.Kh1 Nd7 24.Rg1 Qg6 25.Bh4 Kh8 26.fxg5 Ne5 27.Qe2 Rae8 28.gxh6 Qxh6 29.Bg5
Qh7 30.Bf4 Nxf4 31.exf4 Ng4 32.Qg2 Re3 33.Rb2 Qh6 34.Rf1 Rh3 35.Nf3 Ne3 36.Qg1
Nxf1 37.Qxf1 Qh5 38.Ng5 Rh4 39.Re2 Qg4 40.Ne6 Rg8 41.Ng5 Qxf4 42.Qxf4 Rxf4
43.Nf7+ Kh7 44.h3 Rxc4 {#R} 0-1

[Event "It (open)"]
[Site "masterchessopen.com Roskilde (Denmark)"]
[Round "1"]
[White "Johannessen Leif Erlend (NOR)"]
[Black "Pedersen Henrik Dahl (DEN)"]
[Result "1-0"]
[WhiteElo "2290"]
[BlackElo "2207"]

1.d4 Nf6 2.c4 e6 3.Nc3 Bb4 4.Bg5 h6 5.Bh4 c5 6.d5 d6 7.e3 O-O 8.Bd3 Nbd7 9.Ne2
Ne5 10.O-O Bxc3 11.Nxc3 Nxd3 12.Qxd3 e5 13.f4 g5 14.fxg5 Nh7 15.Ne4 Qd7
16.Nf6+ Nxf6 17.Rxf6 Qg4 18.Rxh6 Bf5 19.Qd2 Bg6 20.Qf2 Qf5 21.Qxf5 Bxf5
22.Rxd6 Bd3 23.Rc1 Rfd8 24.Rf6 b5 25.b3 bxc4 26.bxc4 Rab8 27.Bg3 Rb4 28.Bxe5
Rxc4 29.Rxc4 Bxc4 30.d6 Bxa2 31.Rh6 f6 32.gxf6 a5 33.g4 a4 34.Rg6+ Kf8 35.Rg7
Be6 36.g5 c4 37.g6 c3 38.f7 Bxf7 39.Rxf7+ Kg8 40.Rh7 {#r} 1-0

[Event "Ch Europe (team) (w)"]
[Site "masterchessopen.com Batumi (Georgia)"]
[Round "3"]
[White "Misanovic Vesna (BIH)"]
[Black "Hunt Harriet (ENG)"]
[Result "1-0"]
[WhiteElo "2384"]
[BlackElo "2420"]

1.d4 Nf6 2.c4 e6 3.Nc3 Bb4 4.Bg5 c5 5.d5 h6 6.Bh4 d6 7.e3 Bxc3+ 8.bxc3 Qe7
9.Bd3 e5 10.Ne2 Nbd7 11.f4 g5 12.fxg5 Ng4 13.Ng3 Nxe3 14.Qf3 hxg5 15.Qxe3 gxh4
16.Nf5 Qf6 17.O-O Nf8 18.Rae1 Bxf5 19.Rxf5 Qe7 20.Ref1 Rc8 21.Rxf7 Qxf7
22.Rxf7 Kxf7 23.Qf3+ Ke8 24.Qf6 Rg8 25.Bc2 b5 26.cxb5 Rg4 27.Bf5 {#r} 1-0

[Event "Memorial V.Ciocaltea (cat.10)"]
[Site "masterchessopen.com Bucharest (Romania)"]
[Round "8"]
[White "Rogozenko Dorian (ROM)"]
[Black "Iordachescu Viorel (MDA)"]
[Result "0-1"]
[WhiteElo "2576"]
[BlackElo "2553"]

1.d4 Nf6 2.c4 e6 3.Nc3 Bb4 4.Bg5 c5 5.d5 h6 6.Bh4 d6 7.e3 Bxc3+ 8.bxc3 e5 9.f3
Nbd7 10.Qc2 Qa5 11.Bd3 b5 12.cxb5 Nxd5 13.Rc1 Nb4 14.Qd2 Nxd3+ 15.Qxd3 O-O
16.Nh3 Nb6 17.Nf2 Be6 18.Qxd6 Nc4 19.Qd3 f5 20.f4 Rab8 21.O-O e4 22.Qe2 Rxb5
23.Rfe1 Rb2 24.Qh5 Qc7 25.a4 Rfb8 26.Rcd1 Qf7 27.Qxf7+ Kxf7 28.Ra1 a5 29.Rec1
Nxe3 30.Nd1 Rxg2+ 31.Kh1 Re2 32.Nxe3 Rxe3 33.Bf2 Re2 34.Bxc5 Rbb2 35.c4 e3
{#R} 0-1

[Event "It (open)"]
[Site "masterchessopen.com Dubai (United Arab Emirates)"]
[Round "8"]
[White "Guseinov Aidyn (AZE)"]
[Black "Filippov Valerij (RUS)"]
[Result "0-1"]
[WhiteElo "2492"]
[BlackElo "2605"]

1.d4 Nf6 2.c4 e6 3.Nc3 Bb4 4.Bg5 c5 5.d5 h6 6.Bh4 d6 7.e3 Qe7 8.Nf3 O-O 9.Be2
exd5 10.cxd5 g5 11.Bg3 Ne4 12.Rc1 h5 13.Bd3 f5 14.Bxe4 fxe4 15.Ne5 dxe5
16.Qxh5 Bf5 17.h4 g4 18.f3 exf3 19.gxf3 Nd7 20.e4 Qh7 21.Qg5+ Kh8 22.O-O gxf3
23.Kh2 Bxc3 24.Rxc3 Bxe4 25.Bxe5+ Nxe5 26.Qxe5+ Qg7 27.Qh5+ Bh7 28.Rcxf3 Rxf3
29.Rxf3 Qxb2+ 30.Kh3 {#R} 0-1

[Event "It (open)"]
[Site "masterchessopen.com Hamburg (Germany)"]
[Round "3"]
[White "Hanewinkel Winfried (GER)"]
[Black "Weeks M (USA)"]
[Result "0-1"]
[WhiteElo "2045"]
[BlackElo "2205"]

1.d4 Nf6 2.c4 e6 3.Nc3 Bb4 4.Bg5 h6 5.Bh4 c5 6.d5 d6 7.e3 Bxc3+ 8.bxc3 e5 9.f3
Nbd7 10.e4 Nf8 11.g4 g5 12.Bf2 Ng6 13.Qd2 h5 14.gxh5 Nxh5 15.Bh3 Nhf4 16.Bxc8
Qxc8 17.O-O-O Qd7 18.Qc2 O-O-O 19.Rd2 Nh4 20.Be3 f6 21.Rf2 Rh6 22.Ne2 Nxe2+
23.Qxe2 Rdh8 24.Rg1 Ng6 25.Qc2 Kb8 26.Kb1 Ne7 27.Rgg2 Nc8 28.Qb3 Nb6 29.Kb2
Rh3 30.a3 R8h5 31.Qa2 Qa4 {#R} 0-1

[Event "VK3 1999/00"]
[Site "masterchessopen.com Ruhrgebiet (Germany)"]
[Round "4"]
[White "Doering Carsten (GER)"]
[Black "Semina Svetlana (RUS)"]
[Result "0-1"]
[WhiteElo "2120"]
[BlackElo "2224"]

1.d4 Nf6 2.c4 e6 3.Nc3 Bb4 4.Bg5 h6 5.Bh4 c5 6.d5 d6 7.e3 Bxc3+ 8.bxc3 e5 9.f3
Bf5 10.Ne2 Nbd7 11.Ng3 Bg6 12.Bd3 Qa5 13.Bxg6 Qxc3+ 14.Kf2 fxg6 15.Bxf6 Nxf6
16.Qb1 Ng4+ 17.fxg4 O-O+ 18.Nf5 gxf5 19.Qc1 fxg4+ 20.Kg3 Qd3 21.Rb1 Rf7 22.Rb2
Raf8 23.Re1 Qg6 24.Qc2 Qh5 25.Qe4 Rf3+ 26.gxf3 Qh3+ 27.Kf2 Qxh2+ 28.Kf1 Qxb2
29.Qxg4 Qxa2 30.Re2 Qb1+ 31.Kf2 Qf5 32.Qg3 a5 33.Ra2 a4 34.Rb2 a3 35.Ra2 Qb1
{#R} 0-1

[Event "It (open) (w)"]
[Site "masterchessopen.com Warsaw (Poland)"]
[Round "0"]
[White "Matveeva Svetlana (RUS)"]
[Black "Cmilyte Viktorija (LTU)"]
[Result "0-1"]
[WhiteElo "2411"]
[BlackElo "2354"]

1.d4 Nf6 2.c4 e6 3.Nc3 Bb4 4.Bg5 h6 5.Bh4 c5 6.d5 d6 7.e3 Bxc3+ 8.bxc3 Qe7
9.Nf3 Nbd7 10.Nd2 e5 11.Bd3 Kd8 12.f3 Nf8 13.Qc2 Rg8 14.g4 g5 15.Bg3 Ng6
16.O-O-O Bd7 17.Kb1 Kc7 18.Ka1 Be8 19.Rb1 Qd7 20.h4 Rb8 21.hxg5 hxg5 22.Qb2
Qa4 23.Nb3 Nd7 24.Qe2 Ndf8 25.Rh5 f6 26.Rh6 Rg7 27.Nd2 Rh7 28.Rxh7+ Nxh7
29.Qh2 Qd7 30.Qh6 Nhf8 31.Bf5 Qf7 32.Ne4 Bd7 33.Rh1 Ne7 34.Qxf6 Qxf6 35.Nxf6
Nxf5 36.gxf5 Bxf5 37.Rh5 b5 38.Rxg5 Bg6 39.cxb5 Rxb5 40.c4 Rb1# 0-1

[Event "It (w)"]
[Site "masterchessopen.com Belgrade (Yugoslavia)"]
[Round "11"]
[White "Matveeva Svetlana (RUS)"]
[Black "Bojkovic Natasa (SRB)"]
[Result "0-1"]
[WhiteElo "2440"]
[BlackElo "2420"]

1.d4 Nf6 2.c4 e6 3.Nc3 Bb4 4.Bg5 h6 5.Bh4 c5 6.d5 d6 7.e3 Bxc3+ 8.bxc3 e5
9.Qc2 Qe7 10.Nf3 g5 11.Bg3 e4 12.Nd2 Bf5 13.Rb1 O-O 14.Be2 Bg6 15.Qa4 Ne8
16.h4 f5 17.hxg5 hxg5 18.Bh5 Kg7 19.Bxg6 Kxg6 20.Ke2 Nf6 21.Rh3 Rf7 22.Rh8 Rh7
23.Rc8 b6 24.Rxb6 Nbd7 25.Rbc6 Rxc8 26.Rxc8 Nb6 27.Qc6 Nxc8 28.Qxc8 Qd7 29.Qf8
f4 30.exf4 gxf4 31.Bxf4 Qg4+ 32.Ke3 Qd1 {#R} 0-1

[Event "Bayern Landesliga North 2000/01"]
[Site "masterchessopen.com Germany"]
[Round "5"]
[White "Ponnath Lorenz (GER)"]
[Black "Hitzler Philipp (GER)"]
[Result "0-1"]
[WhiteElo "2135"]
[BlackElo "2175"]

1.d4 Nf6 2.c4 e6 3.Nc3 Bb4 4.Bg5 h6 5.Bh4 c5 6.d5 d6 7.e3 Bxc3+ 8.bxc3 e5
9.Bd3 Qe7 10.Ne2 g5 11.Bg3 e4 12.Bc2 Kd8 13.Qb1 Nbd7 14.a4 Re8 15.a5 Ne5
16.O-O Nxc4 17.Qb5 Ne5 18.Ba4 Rb8 19.Rfd1 h5 20.Qb1 Rg8 21.Ra3 Nc4 22.h4 Nxa3
23.Qb3 Bg4 24.Rd2 Bxe2 25.Rxe2 Nh7 26.Qxa3 gxh4 27.Bf4 Ng5 28.Qb3 b5 29.Qb1 a6
30.Bc2 f5 31.Kh2 h3 32.g3 Nf3+ 33.Kh1 Rb7 34.Bd1 h4 35.Rb2 Ne5 36.Be2 Ng6
37.Bxb5 Rxb5 38.c4 Rxb2 39.Qxb2 Ke8 {#R} 0-1

[Event "It (open)"]
[Site "masterchessopen.com Guben (Germany)"]
[Round "7"]
[White "Gottschalk Jens (GER)"]
[Black "Gensch Manfred (GER)"]
[Result "1-0"]
[WhiteElo "2112"]
[BlackElo "1844"]

1.d4 Nf6 2.c4 e6 3.Nc3 Bb4 4.Bg5 h6 5.Bh4 c5 6.d5 d6 7.e3 e5 8.Qc2 O-O 9.Nf3
g5 10.Bg3 b5 11.cxb5 Nxd5 12.Bc4 Bxc3+ 13.bxc3 Ne7 14.Rd1 Qc7 15.Qd3 Nf5 16.e4
Nxg3 17.hxg3 Bb7 18.Rxh6 Kg7 19.Qe3 Qe7 20.Nxg5 Kxh6 21.Nxf7+ Kh5 22.Qh6+ {#r}
1-0